[Event "World Women-ch k.o."]
[Site "Antakya"]
[Date "2010.12.16"]
[Round "5.1"]
[White "Hou, Yifan"]
[Black "Koneru, Humpy"]
[Result "1-0"]
[WhiteElo "2591"]
[BlackElo "2600"]
[Annotator "Hou,Yifan"]
[PlyCount "155"]
[EventDate "2010.12.04"]
[EventType "k.o."]
[EventRounds "6"]
[EventCountry "TUR"]
[SourceTitle "CBM 140"]
[Source "ChessBase"]
[SourceDate "2011.01.18"]
[SourceVersion "1"]
[SourceVersionDate "2011.01.18"]
[SourceQuality "1"]

{This time we played against each other in the semi-finals again! (the last
time was in 2008)} 1. e4 {Kritz} e5 2. Nf3 Nc6 3. Bb5 Nf6 {A little surprise,
because Humpy had never played the Berlin Defence before, maybe she had seen
that my results against the Berlin are not good.} 4. O-O Nxe4 5. d4 Nd6 6. Bxc6
dxc6 7. dxe5 Nf5 8. Qxd8+ Kxd8 9. Nc3 Ke8 10. Ne2 {Kritz: 'Es ist verständlich,
dass Weiß die Hauptvarianten der Berliner Mauer nicht spielen will. Der
Partiezug bringt jedoch überhaupt keinen Vorteil.'} ({Some days ago, in the
Asian Games, I played} 10. h3 {with Harika, then} h5 11. Bf4 {, finally we
made a draw in a opposite-coloured bishop ending.}) 10... Be7 {Kritz: 'Mir
gefällt dieser Zug nicht. Die Alternativen 10...Be6 und 10...h5 finde ich
besser.'} ({In fact it is because several days ago I happened to see saw this
game, that I chose Ne2 during the game. The other game continued} 10... Ne7 11.
h3 Ng6 12. b3 h6 13. Bb2 c5 14. Rad1 Be6 15. Nc3 Be7 16. Nd5 Bd8 17. c4 a5 18.
a4 c6 19. Nc3 Be7 20. Ne4 Rd8 21. Rfe1 Rxd1 22. Rxd1 Nf4 23. Ba3 b6 24. Nd6+
Kf8 25. Kf1 g5 26. Bc1 Kg7 27. Bxf4 gxf4 28. Nd2 Bxd6 29. exd6 Rd8 30. Ne4 f5
31. Nc3 Kf6 32. Ke2 Bf7 33. d7 Bh5+ 34. f3 Ke6 35. Ke1 Bf7 36. Ne2 Ke5 37. Nc1
Be6 38. Nd3+ Kf6 39. Nxf4 Bxd7 40. Kf2 Ke7 41. Ng6+ Ke6 42. f4 Rb8 43. g4 Be8
44. Nh4 fxg4 45. hxg4 b5 46. Nf5 bxa4 47. bxa4 Rb4 48. Rd6+ Kf7 49. Rxh6 Rxa4
50. g5 Kg8 51. Nd6 Bf7 52. Nxf7 Kxf7 53. f5 Rxc4 54. Kf3 Rb4 55. Rh7+ Kg8 56.
g6 {1-0 Efimenko,Z (2683)-Malakhov,V (2725)/ Khanty-Mansiysk RUS 2010/The Week
in Chess 830}) (10... Be6 {Kritz} 11. Nf4 (11. b3 Bd5 12. Nd2 c5 13. c4 Bc6 $15
{Schwarz steht schon besser!}) 11... Bd5 12. Nxd5 (12. Nd2 Rd8 13. c4 Be6 14.
Nxe6 fxe6 $132 {Weiß ist nicht entwickelt. Dazu hat Schwarz schon die d-Linie
erobert und hat gute Chancen, Dank der Schwäche des Feldes d3 die Initiative
zu übernehmen.}) 12... cxd5 13. g4 Ne7 14. Bf4 c6 $11) (10... h5 $5 {Kritz Das
ist ein Zug, der immer nützlich ist. Man wartet ab, was Weiß macht, und
entscheidet sich später, wie man die beiden Läufer entwickelt.}) 11. b3 a5 {
Kritz: 'Richtige Entscheidung! Es ist immer zugunsten von Schwarz, die
Bauernstruktur am Damenflügel so festzulegen, dass die weißen Bauern alle auf
weißen Feldern stehen.'} 12. a4 Be6 {Kritz: 'Grundsätzlich eine falsche
Entscheidung. Man sollte nach Möglichkeit versuchen, den weißfeldrigen Läufer
zu behalten. '} ({Another line is} 12... b6 {putting the bishop on the a8-h1
diagonal,} 13. Bb2 Bb7 14. Nfd4 Nxd4 15. Nxd4 Rd8 16. Nf5 g6 $5 {is almost
equal.}) (12... c5 {Kritz} 13. c4 h5 14. Bb2 Be6 $132 {Schwarz hat das Maximum
erreicht. Demnächst spielt er Rd8-g5 und fängt an, auf Gewinn zu spielen. Das
ist auch keine Überraschung, weil der Zug 10.Ne2 verdächtig ist.}) 13. Bb2 ({
At first I saw} 13. g4 $6 Nh4 (13... Bd5 14. Ned4 Nxd4 15. Nxd4 h5 16. g5 Rd8 {
is really ok for Black}) 14. Nxh4 Bxh4 15. h3 h5 16. Nf4 hxg4 17. Nxe6 fxe6 18.
hxg4 Rd8 19. Kg2 Rd5 20. f4 g5 {breaks through White's pawn chain, with
equality.}) 13... h5 ({Maybe she wanted to prevent g4, but maybe this is a
waste of time, actually she should play} 13... Rd8 $5 {first,} 14. Rfd1 h5 15.
Rxd8+ (15. Nfd4 Nxd4 16. Nxd4 Bc8 {better than the game; she can keep the two
bishops}) 15... Kxd8 16. Rd1+ Kc8 17. Nf4 Bd7 {unclear.}) 14. Nfd4 Nxd4 15.
Nxd4 Rd8 {Kritz: 'Das entstehende Endspiel ist wohl Remis, doch man sollte so
passive Stellungen in so wichtigen Partien vermeiden.'} (15... Bd7 $5 {Kritz}
16. Rfe1 (16. f4 Bc5 17. f5 Rd8 18. Rad1 Bc8 19. Kh1 g6 $1 {und Schwarz ist
wieder auf der Überholspur!}) 16... c5 17. Nb5 Bxb5 18. axb5 Rh6 (18... Kd7 19.
e6+ fxe6 20. Bxg7 Rhg8 21. Bc3 b6 22. Rad1+ Bd6 23. Re5 Rh8 24. Re4 $14) 19. c4
Kd7 $132) 16. Nxe6 fxe6 17. Rad1 {Kritz: 'Weiß macht alles richtig. Seine
besten Chancen liegen im Läuferendspiel.'} Kf7 18. g3 Bb4 $5 {A very
interesting idea.} ({But the simple} 18... g5 {is ok} 19. Kg2 Kg6 20. h3 Rhf8
$11 {White cannot improve her pawns.}) 19. Kg2 Bd2 20. Kf3 (20. f4 Rd5 21. Kf3
Rhd8 22. h3 Kg6 23. Rf2 Bb4 {with a drawing position.}) 20... Rd5 21. Ke2 Rhd8
22. c4 (22. f4 Kg6 23. Rf3 Kf5 24. h3 Bb4 25. Rfd3 Ke4 26. Re3+ Kf5 27. Red3)
22... R5d7 23. Bc1 {Kritz: 'Wichtige Wahl. Normalerweise ist das Turmendspiel
Remis, doch das Problem ist, dass es zum Bauernendspiel kommen kann.'} Bc3 (
23... Bxc1 $1 {Kritz Das Endspiel war Remis!} 24. Rxd7+ (24. Rxc1 $2 Rd2+ 25.
Kf3 R8d3+ $19) 24... Rxd7 25. Rxc1 Kg6 $1 {Ohne Angst kann Schwarz ins
Bauernendspiel gehen - es ist nicht nur ausgeglichen, sondern sogar gewonnen!
Der aktive König ist mehr als Kompensation für die schlechtere Bauernstruktur.}
26. Rd1 $4 (26. h3 {Bessere Spielweise.} Kf5 27. f4 Ke4 $1 $15 {Weiß hat keine
Chance zu gewinnen, eher zu verlieren.} (27... h4 $2 28. Ke3 hxg3 29. Rg1 $16))
26... Rxd1 27. Kxd1 Kf5 28. f4 g6 29. Ke2 Kg4 30. Kf2 Kh3 31. Kf3 (31. Kg1 c5
32. Kh1 h4 33. gxh4 Kxh4 34. Kg2 Kg4 $19) 31... c5) 24. Rxd7+ Rxd7 25. f4 g6 $6
{This allows White to reach the bishop ending. Kritz: 'Ein sehr schlechter
Zug! So kann man das Endspiel nicht spielen, obwohl es immer noch remislich
ist.'} ({A more active move is} 25... Kg6 $1 {Kritz: 'Der König gehört ins
Zentrum! Das ist wohl eines der wichtigsten Gesetze im Endspiel.'} 26. Rf3 (26.
h3 Kf5 27. g4+ hxg4 28. Rg1 gxh3 29. Kf3 Rd3+ 30. Be3 Bxe5 31. fxe5 Kxe5 32.
Rxg7 Rxb3 $11) 26... Bb4 (26... Bd4 27. Rd3 c5 28. Be3 Kf5 29. Kf3) 27. Rd3
Rxd3 28. Kxd3 Kf5 29. Ke3 (29. h3 Be1 $1 {what I missed during the game}) 29...
Kg4 30. Kf2 h4 {is totally equal.}) 26. Rf3 Bb4 27. Rd3 Rxd3 28. Kxd3 $14 {
Kritz: 'In dieser Stellung muss Schwarz den richtigen Aufbau finden. Die
ersten beiden Züge, die er macht, führen zu einer Verluststellung...'} Be7 29.
Be3 c5 $2 {After this move, Black has a bad bishop on e7, maybe she was afraid
of c4-c5, for example: Kritz: 'Diese Stellung ist nun verloren. Weiß hat es
sehr gut gezeigt. Eine Remisstellung entsteht, wenn man den Läufer auf b4 hält
und die Bauern nicht bewegt.'} (29... b6 30. c5 $1 Bd8 (30... b5 31. b4) 31.
Kc4 Ke7 32. h3 (32. b4 axb4 33. Kxb4 Kd7 $11) 32... Kd7 33. g4 hxg4 34. hxg4
Kc8 35. Kd3 Kd7 36. Ke4 {because Black's bishop has no waiting move; it always
has to stay on d8 to protect the b6-pawn, so White has good winning chances.})
(29... Bb4 {Kritz} 30. Ke4 Ke7 {Man wartet ab, bis Weiß seinen Plan am
Königsflügel realisiert.} 31. h3 Kf7 32. g4 hxg4 33. hxg4 Ke7 34. f5 gxf5+ 35.
gxf5 exf5+ $1 36. Kxf5 Ke8 $11 {Nun kann Weiß machen, was immer er will, er
kommt an der schwarzen Blockade nicht vorbei. Jedes Mal wenn er e6 zieht,
folgt Bd6.}) 30. Ke4 b6 31. Kf3 Bf8 32. g4 Be7 33. Kg3 c6 34. Kh3 Bd8 35. Bf2
$1 {That's why I didn't play h3 before.} Bc7 36. Bh4 hxg4+ 37. Kxg4 Kg7 38.
Bf6+ Kf7 39. Bh4 Kg7 40. Bf6+ Kf7 41. Kg5 b5 42. Kh6 bxa4 43. bxa4 Bb6 44. Be7
$2 {This plan is good, but the moment is not correct.} ({More accurate is} 44.
h4 $1 Bc7 45. Be7 {and we return to this plan, but already with one very
important tempo more. It will win easily.} Bb6 (45... Kxe7 46. Kxg6 Kf8 47. h5
Bd8 48. h6 Kg8 49. h7+ Kh8 50. Kf7 Kxh7 51. Kxe6 Kg7 52. Kd7 Bh4 53. f5 Kf7 54.
Kxc6 Bg3 55. e6+ Ke7 56. Kxc5 Kf6 57. Kc6 {White wins}) 46. Bd6 Bd8 47. h5 gxh5
48. Kxh5 Ke8 49. Bxc5 Kf7 50. Ba7 $1 Ke8 (50... Be7 51. c5) 51. c5 Kf7 52. Bb6
Be7 53. Kg4 Bf8 54. f5 Be7 55. f6 Bf8 56. Kh5 $18) 44... Bc7 $2 {Both of us
were thinking that this is the only move, but actually she should take my
bishop:} (44... Kxe7 45. Kxg6 Bd8 46. h4 Kf8 47. h5 Bh4 48. h6 (48. f5 Bg3 49.
Kf6 exf5 50. Kxf5 Kf7 51. h6 Be1 52. h7 Kg7 53. Ke6 (53. e6 Bh4 $1) 53... Bg3
54. Kd6 Kxh7) 48... Kg8 49. h7+ Kh8 50. Kf7 Kxh7 51. Kxe6 Kg8 52. Kd7 Kf8 53.
e6 Bf6 54. Kxc6 Bd8 55. Kxc5 Ke7 56. Kd5 (56. f5 Kf6 57. Kb5 Kxf5) 56... Kf6
57. c5 Ke7 58. f5 Kf6 59. Ke4 (59. Kc6 Be7 $1 60. Kb6 Bd8+ 61. Kb7 Kxf5) 59...
Be7 60. c6 Bd8 61. Kd5 Bc7 62. Kc4 Ke7 63. Kb5 Kd6 64. Ka6 Kxc6 65. f6 Kd6 66.
Kb7 Kxe6 67. Kxc7 Kxf6 {with a drawn position, but it is really difficult to
see all the way to the end during the game!}) 45. Bxc5 Bd8 46. Bf2 Be7 47. c5
Bf8+ 48. Kg5 Be7+ 49. Kg4 Ke8 50. Be1 Bxc5 51. Bxa5 Be7 52. Kf3 $2 {Actually I
thought that here White should win very easily, so I played very quickly; a
better move is} (52. Bc3 c5 53. a5 Kd7 54. h4 Kc7 55. h5 gxh5+ 56. Kxh5 c4 57.
Kg6 Bh4 58. a6 Kb6 59. Kf7 $18) 52... Kd7 53. Ke4 c5 54. Kd3 Kc6 55. Kc4 Bh4
56. Bd2 Bf2 57. h3 Bg1 58. Bc1 {Now both of us had only 2 or 3 minutes left,
so this made the game complicated. Here I again missed a good chance.} (58. a5
$1 Bf2 59. Bc1 Be1 60. a6 Bf2 (60... Kb6 61. a7 Kxa7 62. Kxc5) 61. a7 Kb7 62.
Ba3 $18) 58... Bf2 59. Bd2 Bg1 60. Kd3 Bf2 61. Be3 Be1 (61... c4+ 62. Kd4 Bxe3+
63. Kxe3 Kc5 64. a5 Kb5 $1 65. Kd4 Kb4 66. a6 c3 67. Kd3 Kb3 68. a7 c2 69. a8=Q
c1=Q 70. Qb7+ {White wins.}) 62. Kc4 Bb4 63. Bf2 Kb6 64. Be3 Kc6 65. Bg1 Kb6
66. Bf2 Kc6 67. Bh4 Bd2 68. Bg5 {Now I knew that I will win this game, I
prepare the h4-f5 breakthrough, Black's bishop has to leave the c1-h6 diagonal.
} Be1 69. Be7 Bf2 (69... Bb4 70. Bd6 Kb6 71. Bf8 Kc6 72. Be7 $1 Kb6 73. a5+ $1
Kxa5 74. Bxc5 {The black king is far away from the kingside.}) 70. a5 Be3 71.
Bg5 Bf2 72. h4 Bg3 73. a6 Bf2 74. h5 $1 gxh5 75. f5 exf5 76. e6 Bg3 77. e7 Kd7
78. a7 1-0

[Event "Astrakhan FIDE GP"]
[Site "Astrakhan"]
[Date "2010.05.14"]
[Round "5"]
[White "Inarkiev, Ernesto"]
[Black "Jakovenko, Dmitrij"]
[Result "1/2-1/2"]
[WhiteElo "2669"]
[BlackElo "2725"]
[Annotator "Kritz,L"]
[PlyCount "119"]
[EventDate "2010.05.10"]
[EventType "tourn"]
[EventRounds "13"]
[EventCountry "RUS"]
[EventCategory "20"]
[SourceTitle "CBM 137"]
[Source "ChessBase"]
[SourceDate "2010.07.15"]
[SourceVersion "1"]
[SourceVersionDate "2010.07.15"]
[SourceQuality "1"]

1. e4 e5 2. Nf3 Nc6 3. Bb5 Nf6 4. O-O Nxe4 5. d4 Nd6 6. Bxc6 dxc6 7. dxe5 Nf5
8. Qxd8+ Kxd8 9. Nc3 Ke8 {Ich finde diese Variante besser, wenn man gezielt
auf Remis spielen will. Die Alternative mit der Überführung des schwarzen
Königs zum Damenflügel bietet beiden Seiten praktische Chancen.} ({Eine andere
prinzipielle Fortsetzung ist} 9... Bd7 10. h3 (10. b3 Kc8 11. Bb2 Be7 12. Rad1
a5 $132) 10... h6 11. b3 Kc8 12. Bb2 b6 13. Rad1 Ne7 14. Rd2 c5 15. Rfd1 Be6
$132) 10. Ne2 {Das sieht künstlich aus, ich glaube nicht, dass Weiß auf diese
Art einen Vorteil bekommen kann.} (10. h3 Be7 11. g4 Nh4 12. Nxh4 Bxh4 13. Kg2
h5 14. f3 Be6 ({Eine andere Verteidigungsmethode ist} 14... a5 {um die weißen
Bauern zu zwingen, weiße Felder einzunehmen.} 15. a4 b6 16. Rd1 Be7 17. Ne2 Bd7
18. Bf4 c5 19. Bg3 Rd8 20. c4 Bc8 21. b3 Rxd1 22. Rxd1 hxg4 23. hxg4 Bd8 $14 {
Kotronias - Kritz (Port Erin, 2007). Weiß hat einen symbolischen Vorteil und
Schwarz muss die ganze Partie leiden, doch bei korrekter Verteidigung kann man
Remis halten. Es ist jedoch zu empfehlen, wie Wang Yue gegen Adams zu spielen
- dort ist es einfacher, das Remis zu erreichen.}) 15. Be3 Be7 $11 {Adams -
Wang Yue (Dresden, 2008)}) 10... Be7 {Der Standardplan - Schwarz will mittels
Nh4 die Springer abtauschen und damit die Stellung vereinfachen.} (10... Ne7 {
Schwarz spielt gegen die weiße Idee - Überführung des Springers nach f4.} 11.
h3 (11. Nf4 Ng6 $11) 11... Ng6 ({Eine alternative Spielweise ist} 11... a5 12.
Re1 Nd5 13. Bd2 h6 14. Nfd4 a4 15. e6 fxe6 16. Nxe6 Bxe6 17. Nd4 Kf7 18. Nxe6
a3 19. bxa3 Bxa3 $132 {Gashimov - Efimenko (Poikovsky, 2009)}) 12. Re1 {
Dieser Turm soll auf e1 stehen, das Feld d1 bleibt frei für den anderen Turm.}
(12. Rd1 Be6 13. Ned4 Bd5 14. h4 Bc5 15. h5 Ne7 16. b3 Rd8 17. Bg5 h6 18. Bh4
Rd7 19. c4 Bxf3 20. Nxf3 Nf5 $11 {und Schwarz glich aus in Deep Junior -
Gelfand (Tel Aviv, 1999)}) 12... c5 $1 {Richtige Strategie. Man muss das Feld
e6 für den Läufer sichern, deswegen nimmt man den weißen Springern das Feld d4
weg.} 13. Nc3 h6 $1 {Die gleiche Idee wieder - das Feld g5 wird unter
Kontrolle genommen. Schwarz hat überhaupt keine Schwierigkeiten - Weiß hat
viel Zeit für seine Springermanöver verloren.} (13... Be6 $6 14. Ng5 $14) 14.
Be3 Be6 15. Rad1 Rd8 $1 $11 {Sjugirov - Fressinet (Khanty-Mansiysk, 2009). Es
ist immer gut, ein Paar Türme zu tauschen, um eine eventuelle Verdoppelung der
weißen Türme auf der d-Linie zu verhindern.}) 11. Rd1 (11. Bg5 Bxg5 12. Nxg5 h6
$11 {Man hat eine Stellung auf dem Brett, in der ein weißer Springer
üblicherweise auf c3 und der Bauer auf h3 steht, was wesentlich besser für
Weiß ist.}) 11... Nh4 12. Nxh4 (12. Nfd4 Bd7 $1 13. Be3 c5 14. Nb3 b6 $11 {
Schwarz kann sogar um Vorteil kämpfen, weil der weiße Springer b3 sehr
schlecht steht.}) 12... Bxh4 13. Be3 a5 $1 {Ein Standardmanöver. Schwarz will
die weißen Bauern nach vorne zwingen, so dass sie alle auf weißen Feldern
stehen und später im Endspiel Angriffsziele des schwarzen weißfeldrigen
Läufers werden können.} 14. a4 Bd7 (14... Bf5 {Es gibt keinen Grund, warum man
Zeit verlieren sollte.} 15. Nd4 Bd7 16. f3 $14) 15. h3 h5 16. f3 $1 {Weiß hat
einen einzigen Plan in dieser Stellung: g4 und später irgendwie f4-f5.} Rd8 17.
g4 hxg4 18. hxg4 Bc8 $1 {Einen Turm zu tauschen ist immer gut für Schwarz -
Weiß kann damit keinen Druck auf der d-Linie aufbauen.} 19. Kg2 Rxd1 20. Rxd1
Be7 {Die nächsten Züge haben nichts Wichtiges in sich - es ist eine Sache der
Zeit, wann endlich alle schwarzen Bauer am Damenflügel schwarze Felder
einnehmen, und alle weißen Bauern weiße Felder einnehmen.} 21. Bd2 b6 22. Bf4
Bd8 23. b3 Be6 24. Nd4 Bd7 25. c4 Rh7 26. Rd3 c5 {Es ist soweit, nun muss Weiß
einen Plan finden, um die schwarze Festung zu durchbrechen. Es gibt viele
Ideen in dieser Stellung, jedoch nur eine kann Weiß wirklich etwas versprechen:
man muss den Springer nach e3 stellen, den Turm auf die erste Reihe und danach
Bg3-f4-f5 spielen. Wenn Weiß das schafft, bekommt er einen großen Vorteil.} 27.
Nb5 $6 {Der Springer sieht nur gut aus, eigentlich macht er ja nichts.} (27.
Nc2 $5 Be6 (27... f5 28. exf6 gxf6 (28... Bxf6 29. Bxc7 $18) 29. Ne3 $14) 28.
Ne3 {Schwarz hat kaum was zu ziehen.} Rh8 (28... g5 29. Bg3 f6 30. exf6 Bxf6
31. Nd5 $14) (28... f6 29. exf6 gxf6 30. Bg3 Rd7 31. Rxd7 Kxd7 32. f4 $14) 29.
Bg3 $1 $14 {Der Springer muss auf e3 stehen, um den Bauern g4 zu verteidigen.
Schwarz hat dem Plan von Weiß wenig entgegenzusetzen.}) 27... Be6 $1 {Man muss
vorsichtig spielen, es drohte e6!} (27... Rh8 $2 {Das Warten kann teuer werden,
wenn man nicht aufpasst:} 28. e6 Bxe6 (28... Bxb5 29. exf7+ Kxf7 30. cxb5 $16)
29. Nxc7+ Ke7 (29... Bxc7 30. Bxc7 $18) 30. Re3 $16) 28. Na7 Bd7 $1 {Wieder
musste man aufpassen - es drohte Nc6!} (28... Rh8 29. Nc6 Be7 30. Nxe7 Kxe7 31.
Bg5+ f6 32. exf6+ gxf6 33. Bf4 $14) 29. Nb5 Be6 30. Rd1 Rh8 {Die nächsten Züge
bringen nichts Neues - Inarkiev hat es nicht geschafft, den richtigen Plan zu
finden.} 31. Rd2 Rh7 32. Rd3 Rh8 33. Rd1 Rh7 {Schwarz kann nun einfach warten
auf das, was Weiß macht.} 34. Kf2 (34. Rh1 Rxh1 35. Kxh1 Kd7 $11 {Schwarz hat
keine Schwierigkeiten, wenn sein König aktiviert wird.}) 34... Rh3 35. Bg3 Rh7
36. Na7 Bd7 37. Nb5 Be6 38. Kg2 Rh8 39. Bh2 Rh7 40. Bg3 Rh8 41. Nc3 Rh7 42. Nd5
Rh8 43. Nf4 Bc8 ({Die Stellung nach} 43... Rh7 {sollte auch Remis sein, aber
wozu sollte man den guten Läufer geben?} 44. Nxe6 fxe6 45. f4 g6 $11) 44. Re1 {
Weiß will e6 spielen - Schwarz hindert ihn daran:} Rh6 45. Nh5 (45. Re2 {
Ein Wartezug bringt gar nichts, Schwarz kann zumindest mit dem König ziehen.}
Kf8 $11) 45... Rh7 46. Rd1 Bg5 47. e6 {Verspricht keinen Vorteil, ganz im
Gegenteil - Weiß muss noch genau spielen, um auszugleichen.} g6 $1 (47... Bxe6
48. Bxc7 $16) 48. Rd5 (48. exf7+ $1 {wäre stärker gewesen.} Rxf7 49. Rd5 gxh5
50. Rxg5 hxg4 51. fxg4 Bb7+ 52. Kh3 Rh7+ $11) 48... gxh5 $6 {Schwarz geht in
das remisliche Endspiel über. Er hatte eine interessante taktische Chance:} (
48... f5 $5 49. Nf4 {der einzige Zug.} (49. Bf4 Rxh5 $1 50. gxh5 Bxf4 51. hxg6
Bxe6 $19) 49... Bxf4 50. Bxf4 Bxe6 51. Re5 Kd7 52. g5 $1 $11 {Man muss die
Diagonalen für den schwarzen Läufer sperren, dann kann man leicht Remis halten.
}) 49. Rxg5 Bxe6 50. Rxh5 (50. gxh5 f6 51. Rg6 Bf7 52. Rxf6 Bxh5 $11) 50...
Rxh5 51. gxh5 Kd7 $1 {Schwarz spielt drei genaue Züge und lässt Weiß keine
Gewinnchancen.} 52. Be5 Bf5 53. Kg3 Bc2 54. h6 Ke6 55. Bxc7 Kf6 56. Bxb6 Bxb3
57. Bxa5 Bxa4 58. Bb6 Bb3 59. Bxc5 Bxc4 60. Be3 1/2-1/2